000 00562cam a2200217 4500
008 090401t1986 xxu||||| |||| 00| 0 eng d
020 _a0409995258
035 _a(Sirsi) u32346
041 _aeng
050 _a333.332095125
100 _aCruden, Gorden N
245 _aLand compensation and valuation law in Hong Kong
260 _aSingapore
_bButterworths
_c1986
300 _axxxii, 476p. ; 25cm.
350 _a53
650 _aLANDLORD AND TENANT
_96252
650 _aMASS TRANSIT RAILWAY
650 _aRATES
942 _n0
948 _c04/03/1997
999 _c89722
_d89722